Southville International School and Colleges
Your cart is empty.
  • Cart
  • Lists
    Public lists Eva Luna New books Lux_list list_1
    Your lists Log in to create your own lists
  • Log in to your account
  • Your cookies
  • Search history
Southville International School and Colleges
  • Advanced search
  • Recent comments
  • Most popular
  • Libraries

Log in to your account

Log in with GOOGLE


If you do not have an external account, but do have a local account, you can still log in:

  1. Home
  2. MARC view: Fighting Machines /
Normal view MARC view ISBD view

Fighting Machines / (Record no. 42037)

[ view plain ]
MARC details
000 -LEADER
fixed length control field 00623nam a2200229Ia 4500
003 - CONTROL NUMBER IDENTIFIER
control field OSt
005 - DATE AND TIME OF LATEST TRANSACTION
control field 20140326081038.0
008 - FIXED-LENGTH DATA ELEMENTS--GENERAL INFORMATION
fixed length control field 140130s9999 xx 000 0 und d
020 ## - INTERNATIONAL STANDARD BOOK NUMBER
International Standard Book Number 1860075711
050 ## - LIBRARY OF CONGRESS CALL NUMBER
Classification number M 620
Item number G976 2006
100 ## - MAIN ENTRY--PERSONAL NAME
Personal name Gunston, Bill
245 ## - TITLE STATEMENT
Statement of responsibility, etc Bill Gunston
Title Fighting Machines /
260 ## - PUBLICATION, DISTRIBUTION, ETC. (IMPRINT)
Name of publisher, distributor, etc Scholastic,
Date of publication, distribution, etc 2006.
Place of publication, distribution, etc China :
300 ## - PHYSICAL DESCRIPTION
Extent 96 p. :
Other physical details col. ill. ;
Dimensions 27 cm.
440 ## - SERIES STATEMENT/ADDED ENTRY--TITLE
Volume number/sequential designation 1
650 ## - SUBJECT ADDED ENTRY--TOPICAL TERM
Topical term or geographic name as entry element Military art and science
Form subdivision History
-- Juvenile literature.
650 ## - SUBJECT ADDED ENTRY--TOPICAL TERM
Topical term or geographic name as entry element Weapons
Form subdivision Juvenile literature.
650 ## - SUBJECT ADDED ENTRY--TOPICAL TERM
Topical term or geographic name as entry element Weapons, military.
942 ## - ADDED ENTRY ELEMENTS (KOHA)
Koha item type Books
Source of classification or shelving scheme Library of Congress Classification
Holdings
Withdrawn status Lost status Source of classification or shelving scheme Damaged status Home library Current library Shelving location Date acquired Total Checkouts Full call number Barcode Date last seen Copy number Price effective from Koha item type Sub Shelving location
    Library of Congress Classification   Munich Library Munich Library Main Section 01/30/2014   M 620 G976 2006 MU2168 01/30/2014 1 01/30/2014 Books  
    Library of Congress Classification   Munich Library Munich Library Main Section 03/26/2014   M 620 G976 2006 MU2160 03/26/2014 2 03/26/2014 Books  

Fighting Machines /

APA

Gunston B., . (2006). Fighting Machines. China: Scholastic.

Chicago

Gunston Bill, . 2006. Fighting Machines. China: Scholastic.

Harvard

Gunston B., . (2006). Fighting Machines. China: Scholastic.

MLA

Gunston Bill, . Fighting Machines. China: Scholastic. 2006.

  • Place hold
  • Print
  • Cite
  • Add to your cart (remove)
  • Save record
    BIBTEX Dublin Core MARCXML MARC (non-Unicode/MARC-8) MARC (Unicode/UTF-8) MARC (Unicode/UTF-8, Standard) MODS (XML) RIS
  • More searches
    Search for this title in:
    Other Libraries (WorldCat) Other Databases (Google Scholar) Online Stores (Bookfinder.com) Open Library (openlibrary.org)

Exporting to Dublin Core...

SOUTHVILLE LIBRARY

Southville International School and Colleges Library

1281 Tropical Ave. Cor. Luxembourg St., BF Homes International, Las Pinas City

Tel. No. 8256374 / 252358 Loc. 117/146

Powered by Koha